000 01268cam a2200337 i 4500
001 29764
003 Mx-PuUPA
005 20251127192435.0
008 140415s2005 mx gr 000 0 spa d
020 _a9683813410
040 _aMx-PuUPA
_bspa
_cMx-PuUPA
_dMx-PuUPA
_erda
041 1 _aspa
_heng
100 1 _aGeorge, Bill,
_q(William W.)
_d1942-
_cvicomte de,
_917680
_eautor
240 1 0 _aAuthentic leadership.
_lEspañol
245 1 0 _aLiderago auténtico /
_cBill George ; prólogo por Warren Bennis ; traducido al español por Juan Carlos Jolly
246 1 4 _aLiderazgo auténtico :
_bredescubrimiento de los secretos para crear un valor duradero.
250 _aPrimera edición
264 1 _aMéxico, D.F. :
_bPanorama Editorial,
_c2005
300 _a208 páginas ;
_c23 cm
336 _2rdacontent
_atexto
_btxt
337 _2rdamedia
_asin medio
_bn
338 _2rdacarrier
_avolumen
_bnc
650 7 _2armarc
_aLiderazgo
650 7 _2armarc
_aEficacia organizacional
700 1 _aBennis, Warren,
_eprologuista
700 1 _aJolly, Juan Carlos,
_etraductor
765 0 _aGeorge, Bill (William W.) 1942- vicomte de,
_tAuthentic leadership.
942 _2ddc
_cLI
_h658.4092
_iG3418
999 _c29764
_d29764